| 000 | 00469nam a2200157Ia 4500 | ||
|---|---|---|---|
| 008 | 140626s9999 xx 000 0 und d | ||
| 100 | _aBagalayos, Conception. | ||
| 245 | 4 |
_aThe importance of PTCA organization in a school / _cConception Bagalayos. |
|
| 260 | _cc2012. | ||
| 300 | _a61 : 7, page 247 | ||
| 440 | _aThe Modern Teacher | ||
| 521 | _aSPED | ||
| 650 | _aParent teacher conferences associations. | ||
| 650 | _aPhilippine school setting. | ||
| 942 | _cSE | ||
| 999 |
_c120988 _d120988 |
||